Programmed instruction for literacy workers / (Record no. 123244)
[ view plain ]
| 000 -LEADER | |
|---|---|
| fixed length control field | 00855nam a22002417a 4500 |
| 005 - DATE AND TIME OF LATEST TRANSACTION | |
| control field | 20170124105922.0 |
| 010 ## - LIBRARY OF CONGRESS CONTROL NUMBER | |
| LC control number | 841520 |
| 020 ## - INTERNATIONAL STANDARD BOOK NUMBER | |
| Terms of availability | 00.00 |
| 035 ## - SYSTEM CONTROL NUMBER | |
| System control number | 841520 |
| 037 ## - SOURCE OF ACQUISITION | |
| Source of stock number/acquisition | Cen Lib/Ret |
| 040 ## - CATALOGING SOURCE | |
| Original cataloging agency | DPL |
| Language of cataloging | EN |
| 082 ## - DEWEY DECIMAL CLASSIFICATION NUMBER | |
| Classification number | 379.2 |
| Item number | THI |
| 100 ## - MAIN ENTRY--PERSONAL NAME | |
| Personal name | Thiagarajan, Sivasailam |
| 9 (RLIN) | 82316 |
| 245 ## - TITLE STATEMENT | |
| Title | Programmed instruction for literacy workers / |
| Statement of responsibility, etc | by Sivasailam Thiagarajan |
| 260 ## - PUBLICATION, DISTRIBUTION, ETC. (IMPRINT) | |
| Place of publication, distribution, etc | Iran |
| Name of publisher, distributor, etc | Hulton Education Publications |
| Date of publication, distribution, etc | 1976 |
| 270 ## - ADDRESS | |
| Address | Raans Road, Amersham, Bucks, in co-operation with the I.I.A.L.M, |
| City | Tehran |
| 300 ## - PHYSICAL DESCRIPTION | |
| Extent | 136p.: |
| Dimensions | 22cm(Hb) |
| Other physical details | ill. |
| 490 ## - SERIES STATEMENT | |
| Series statement | Literacy in development: a series of training monograph |
| 500 ## - GENERAL NOTE | |
| General note | Includes bibliographical references and index |
| 650 ## - SUBJECT ADDED ENTRY--TOPICAL TERM | |
| Topical term or geographic name as entry element | Programmed instruction--Study and teaching |
| 9 (RLIN) | 82317 |
| 650 ## - SUBJECT ADDED ENTRY--TOPICAL TERM | |
| Topical term or geographic name as entry element | Literacy programs |
| 9 (RLIN) | 82318 |
| 942 ## - ADDED ENTRY ELEMENTS (KOHA) | |
| Source of classification or shelving scheme | Dewey Decimal Classification |
| Koha item type | English Books |
| Classification part | 379.2 |
| Call number suffix | THI |
| Withdrawn status | Lost status | Damaged status | Not for loan | Home library | Current library | Date acquired | Source of acquisition | Cost, normal purchase price | Total Checkouts | Full call number | Barcode | Date last seen | Copy number | Cost, replacement price | Price effective from | Koha item type |
|---|---|---|---|---|---|---|---|---|---|---|---|---|---|---|---|---|
| Central Library | Central Library | 04/06/2015 | Cen Lib/Ret | 0.00 | 379.2 THI | 841520 | 04/06/2015 | 1 | 0.00 | 04/06/2015 | English Books |
